000 00914nam a2200289Ia 4500
003 OSt
005 20220912150843.0
006 a|||||r|||| 00| 0
007 ta
008 220909b |||||||| |||| 00| 0 eng d
020 _a0195635566 (hbd)
024 _a4466
037 _bI B D,
037 _cTextual
040 _aCSL
_beng
_cCSL
041 _aeng
082 _aY42:(U42).236.9G, N4
100 _aBreman Jan
245 0 _aWage hunters and gatherers: search for work in the urban and rural economy of South Gujarat by Jan Breman
260 _aDelhi
_bOxford University Press
_c1994
300 _axi,422p
500 _aBibliographical references 409-417p; Index 419-422p; ^n23/CSL/Y17/96-97/4228^d1997-03-11^mPurchase
650 _a Unskilled workers
650 _aSociology
942 _hY42:(U42).236.9G, N4
_cTEXL
_2CC
999 _c56296
_d56296